| 000 | 01064 a2200193 4500 | ||
|---|---|---|---|
| 003 | Nust | ||
| 005 | 20220818081701.0 | ||
| 010 | _a 2004044419 | ||
| 020 | _a0131465112 (alk. paper) | ||
| 040 | _cNust | ||
| 082 | 0 | 0 | _a621.3822,HAR |
| 100 | 1 |
_aHarris, Fred _997889 |
|
| 245 | 1 | 0 |
_aMultirate signal processing for communication systems / _cFredric J. Harris. |
| 260 |
_aUpper Saddle River, N.J. : _bPrentice Hall PTR, _cc2004. |
||
| 300 |
_axiii, 478 p. : _bill. ; _c24 cm. |
||
| 505 | _aWhy Multirate Filters? (Page-1), The Resampling Process (Page-13), Digital Filters (Page-39), Useful Classes of Filters (Page-81), Systems That Use Resampling Filters (Page-107), Polyphase FIR Filters (Page-127), Resampling Filters(Page-153), Half-band Filters (Page-201), Polyphase Channelizers (Page-225), Recursive Polyphase Filters (Page-257), Cascade Integrator Comb Filters (Page-325), Cascade and Multiple Stage Filter Structures (Page-369), Communication Systems Applications (Page-395). | ||
| 650 | 0 | _aTelecommunication engineering | |
| 942 |
_2ddc _cREF |
||
| 999 |
_c175771 _d175771 |
||